Daňové výdavky až po zaplatení v roku 2015
Novelou zákona č. 595/2003 Z. z. o dani z príjmov v z. n. p. , ktorá je platná od 1. 1. 2015 sa podnikateľom obmedzila možnosť znižovať základ dane pomocou niektorých daňových výdavkov. Vybrané daňové výdavky môžu u podnikateľov znížiť základ dane až po zaplatení, niektoré už vôbec nebude možné do...
Guardado en:
| Autor principal: | |
|---|---|
| Formato: | Capítulo de libro |
| Materias: | |
| Etiquetas: |
Sin Etiquetas, Sea el primero en etiquetar este registro!
|
MARC
| LEADER | 00000naa a2200000 4500 | ||
|---|---|---|---|
| 001 | 0210856 | ||
| 005 | 20231208091408.3 | ||
| 044 | |a SK | ||
| 245 | 1 | 0 | |a Daňové výdavky až po zaplatení v roku 2015 |c Jarmila Strählová |
| 520 | |a Novelou zákona č. 595/2003 Z. z. o dani z príjmov v z. n. p. , ktorá je platná od 1. 1. 2015 sa podnikateľom obmedzila možnosť znižovať základ dane pomocou niektorých daňových výdavkov. Vybrané daňové výdavky môžu u podnikateľov znížiť základ dane až po zaplatení, niektoré už vôbec nebude možné do daňových výdavkov dať (napríklad zmluvné pokuty, poplatky z omeškania, úroky z omeškania). Výdavky, ktoré môžu u podnikateľa ovplyvniť základ dane až po zaplatení. Podnikateľ, ktorý chce uplatniť takéto výdavky do daňových výdavkov a tým znížiť základ dane za rok 2015, ich musel do konca roku 2015 skutočne zaplatiť. Ilustračné príklady. | ||
| 610 | 2 | 0 | |a výdavky daňové |
| 610 | 2 | 0 | |a dane z príjmov |
| 610 | 2 | 0 | |a zákony |
| 610 | 2 | 0 | |a Slovensko |
| 610 | 2 | 0 | |a novelizácia |
| 100 | 1 | |a Strählová, Jarmila | |